<?xml version="1.0" encoding="UTF-8"?>
<record
    xmlns:xsi="http://www.w3.org/2001/XMLSchema-instance"
    xsi:schemaLocation="http://www.loc.gov/MARC21/slim http://www.loc.gov/standards/marcxml/schema/MARC21slim.xsd"
    xmlns="http://www.loc.gov/MARC21/slim">

  <leader>01814nam0a22004691  4500</leader>
  <controlfield tag="001">RU\NLR\A1SV\57433</controlfield>
  <controlfield tag="005">20251203171251.9</controlfield>
  <datafield tag="035" ind1=" " ind2=" ">
    <subfield code="a">(NLR Aleph) 009739389</subfield>
  </datafield>
  <datafield tag="090" ind1=" " ind2=" ">
    <subfield code="a">9938378</subfield>
    <subfield code="c">9938378</subfield>
  </datafield>
  <datafield tag="100" ind1=" " ind2=" ">
    <subfield code="a">20070525d1925    u  y0rusy50      ca</subfield>
  </datafield>
  <datafield tag="101" ind1="0" ind2=" ">
    <subfield code="a">rus</subfield>
  </datafield>
  <datafield tag="102" ind1=" " ind2=" ">
    <subfield code="a">RU</subfield>
  </datafield>
  <datafield tag="200" ind1="1" ind2=" ">
    <subfield code="a">&#x41A;&#x430;&#x440;&#x43B; &#x41B;&#x438;&#x431;&#x43A;&#x43D;&#x435;&#x445;&#x442;</subfield>
    <subfield code="e">&#x415;&#x433;&#x43E; &#x436;&#x438;&#x437;&#x43D;&#x44C; &#x438; &#x431;&#x43E;&#x440;&#x44C;&#x431;&#x430;</subfield>
    <subfield code="e">[&#x421;&#x431;.]</subfield>
  </datafield>
  <datafield tag="205" ind1=" " ind2=" ">
    <subfield code="a">2-&#x435; &#x438;&#x437;&#x434;.</subfield>
  </datafield>
  <datafield tag="210" ind1=" " ind2=" ">
    <subfield code="a">&#x41C;.</subfield>
    <subfield code="a">&#x41B;.</subfield>
    <subfield code="c">&#x41C;&#x43E;&#x43B;. &#x433;&#x432;&#x430;&#x440;&#x434;&#x438;&#x44F;</subfield>
    <subfield code="d">1925</subfield>
  </datafield>
  <datafield tag="215" ind1=" " ind2=" ">
    <subfield code="a">85 &#x441;., 2 &#x43B;. &#x43F;&#x43E;&#x440;&#x442;&#x440;.</subfield>
    <subfield code="c">&#x438;&#x43B;.</subfield>
    <subfield code="d">22 &#x441;&#x43C;</subfield>
  </datafield>
  <datafield tag="327" ind1="0" ind2=" ">
    <subfield code="a">&#x410;&#x432;&#x442;. &#x441;&#x442;.: &#x413;.&#x428;&#x443;&#x43C;&#x430;&#x43D;, &#x41D;.&#x411;&#x443;&#x445;&#x430;&#x440;&#x438;&#x43D;, &#x41B;.&#x422;&#x440;&#x43E;&#x446;&#x43A;&#x438;&#x439;, &#x41A;.&#x420;&#x430;&#x434;&#x435;&#x43A;</subfield>
    <subfield code="a">&#x420;&#x435;&#x447;&#x438;, &#x441;&#x442;. &#x438; &#x43F;&#x438;&#x441;&#x44C;&#x43C;&#x430; &#x41A;.&#x41B;&#x438;&#x431;&#x43A;&#x43D;&#x435;&#x445;&#x442;&#x430;</subfield>
  </datafield>
  <datafield tag="451" ind1=" " ind2="0">
    <subfield code="1">001RU\NLR\A1SV\57432</subfield>
    <subfield code="9">9938374</subfield>
    <subfield code="c">&#x41C;.</subfield>
    <subfield code="d">1923</subfield>
    <subfield code="f">&#x421;&#x431;. &#x43F;&#x43E;&#x434; &#x440;&#x435;&#x434;. &#x412;&#x43B;.&#x41C;&#x438;&#x440;&#x43E;&#x448;&#x435;&#x432;&#x441;&#x43A;&#x43E;&#x433;&#x43E;</subfield>
    <subfield code="n">&#x41C;&#x43E;&#x43B;. &#x433;&#x432;&#x430;&#x440;&#x434;&#x438;&#x44F;</subfield>
    <subfield code="o">&#x415;&#x433;&#x43E; &#x436;&#x438;&#x437;&#x43D;&#x44C; &#x438; &#x431;&#x43E;&#x440;&#x44C;&#x431;&#x430;</subfield>
    <subfield code="p">80 &#x441;., 1 &#x43B;. &#x438;&#x43B;.</subfield>
    <subfield code="t">&#x41A;&#x430;&#x440;&#x43B; &#x41B;&#x438;&#x431;&#x43A;&#x43D;&#x435;&#x445;&#x442;</subfield>
  </datafield>
  <datafield tag="517" ind1="9" ind2=" ">
    <subfield code="a">&#x41B;&#x438;&#x431;&#x43A;&#x43D;&#x435;&#x445;&#x442; &#x41A;&#x430;&#x440;&#x43B;</subfield>
  </datafield>
  <datafield tag="600" ind1=" " ind2="1">
    <subfield code="a">&#x41B;&#x438;&#x431;&#x43A;&#x43D;&#x435;&#x445;&#x442;</subfield>
    <subfield code="b">&#x41A;.</subfield>
    <subfield code="f">1871-1919</subfield>
    <subfield code="g">&#x41A;&#x430;&#x440;&#x43B;</subfield>
  </datafield>
  <datafield tag="620" ind1=" " ind2=" ">
    <subfield code="d">&#x41C;&#x43E;&#x441;&#x43A;&#x432;&#x430;</subfield>
  </datafield>
  <datafield tag="620" ind1=" " ind2=" ">
    <subfield code="d">&#x421;&#x430;&#x43D;&#x43A;&#x442;-&#x41F;&#x435;&#x442;&#x435;&#x440;&#x431;&#x443;&#x440;&#x433;</subfield>
  </datafield>
  <datafield tag="702" ind1=" " ind2="1">
    <subfield code="a">&#x428;&#x443;&#x43C;&#x430;&#x43D;</subfield>
    <subfield code="b">&#x413;.</subfield>
  </datafield>
  <datafield tag="702" ind1=" " ind2="1">
    <subfield code="a">&#x411;&#x443;&#x445;&#x430;&#x440;&#x438;&#x43D;</subfield>
    <subfield code="b">&#x41D;.&#x418;.</subfield>
    <subfield code="f">1888-1938</subfield>
    <subfield code="g">&#x41D;&#x438;&#x43A;&#x43E;&#x43B;&#x430;&#x439; &#x418;&#x432;&#x430;&#x43D;&#x43E;&#x432;&#x438;&#x447;</subfield>
  </datafield>
  <datafield tag="702" ind1=" " ind2="1">
    <subfield code="a">&#x422;&#x440;&#x43E;&#x446;&#x43A;&#x438;&#x439;</subfield>
    <subfield code="b">&#x41B;.&#x414;.</subfield>
    <subfield code="f">1879-1940</subfield>
    <subfield code="g">&#x41B;&#x435;&#x432; &#x414;&#x430;&#x432;&#x44B;&#x434;&#x43E;&#x432;&#x438;&#x447;</subfield>
  </datafield>
  <datafield tag="702" ind1=" " ind2="1">
    <subfield code="4">570</subfield>
    <subfield code="a">&#x420;&#x430;&#x434;&#x435;&#x43A;</subfield>
    <subfield code="b">&#x41A;. &#x411;.</subfield>
    <subfield code="c">&#x43F;&#x430;&#x440;&#x442;&#x438;&#x439;&#x43D;&#x44B;&#x439; &#x434;&#x435;&#x44F;&#x442;&#x435;&#x43B;&#x44C;, &#x436;&#x443;&#x440;&#x43D;&#x430;&#x43B;&#x438;&#x441;&#x442;</subfield>
    <subfield code="f">1885-1939</subfield>
    <subfield code="g">&#x41A;&#x430;&#x440;&#x43B; &#x411;&#x435;&#x440;&#x43D;&#x433;&#x430;&#x440;&#x434;&#x43E;&#x432;&#x438;&#x447;</subfield>
    <subfield code="9">141316</subfield>
    <subfield code="3">RU\NLR\AUTH\770141352</subfield>
  </datafield>
  <datafield tag="801" ind1=" " ind2="0">
    <subfield code="a">RU</subfield>
    <subfield code="b">NLR</subfield>
    <subfield code="c">20070525</subfield>
  </datafield>
  <datafield tag="852" ind1=" " ind2=" ">
    <subfield code="a">NLR</subfield>
    <subfield code="j">40.17.7.472</subfield>
  </datafield>
  <datafield tag="852" ind1=" " ind2=" ">
    <subfield code="a">NLR</subfield>
    <subfield code="j">40.17.7.472&#x430;</subfield>
  </datafield>
  <datafield tag="899" ind1=" " ind2=" ">
    <subfield code="a">&#x410;&#x41E;&#x41D;&#x411;</subfield>
  </datafield>
  <datafield tag="899" ind1=" " ind2=" ">
    <subfield code="a">&#x413;&#x41F;&#x418;&#x411;</subfield>
  </datafield>
  <datafield tag="899" ind1=" " ind2=" ">
    <subfield code="a">&#x421;&#x41E;&#x423;&#x41D;&#x411;</subfield>
  </datafield>
  <datafield tag="899" ind1=" " ind2=" ">
    <subfield code="a">&#x41D;&#x411;&#x423;&#x412;</subfield>
  </datafield>
  <datafield tag="899" ind1=" " ind2=" ">
    <subfield code="a">&#x421;&#x430;&#x43C;&#x41E;&#x423;&#x41D;&#x411;</subfield>
  </datafield>
  <datafield tag="899" ind1=" " ind2=" ">
    <subfield code="a">&#x410;&#x41E;&#x41D;&#x411;</subfield>
  </datafield>
  <datafield tag="899" ind1=" " ind2=" ">
    <subfield code="a">&#x420;&#x413;&#x411;</subfield>
  </datafield>
  <datafield tag="899" ind1=" " ind2=" ">
    <subfield code="a">&#x41D;&#x411; &#x411;&#x435;&#x43B;.</subfield>
  </datafield>
  <datafield tag="899" ind1=" " ind2=" ">
    <subfield code="a">&#x41A;&#x438;&#x440;&#x41E;&#x423;&#x41D;&#x411;</subfield>
  </datafield>
  <datafield tag="942" ind1=" " ind2=" ">
    <subfield code="c">BOOK</subfield>
  </datafield>
  <datafield tag="980" ind1=" " ind2=" ">
    <subfield code="a">NB</subfield>
  </datafield>
  <datafield tag="980" ind1=" " ind2=" ">
    <subfield code="a">A1SV</subfield>
  </datafield>
  <datafield tag="995" ind1=" " ind2=" ">
    <subfield code="5">2016-05-13</subfield>
    <subfield code="b">NLR02</subfield>
    <subfield code="c">NLR02</subfield>
    <subfield code="e">RFS</subfield>
    <subfield code="f">9739389-10</subfield>
    <subfield code="k">40.17.7.472</subfield>
    <subfield code="o">0</subfield>
    <subfield code="r">BOOK</subfield>
    <subfield code="s">40177472_</subfield>
  </datafield>
  <datafield tag="995" ind1=" " ind2=" ">
    <subfield code="5">2016-05-13</subfield>
    <subfield code="b">NLR02</subfield>
    <subfield code="c">NLR02</subfield>
    <subfield code="e">RFS</subfield>
    <subfield code="f">9739389-20</subfield>
    <subfield code="k">40.17.7.472&#x430;</subfield>
    <subfield code="o">0</subfield>
    <subfield code="r">BOOK</subfield>
    <subfield code="s">40177472_</subfield>
  </datafield>
</record>
